Flags of the Countries with 9 letters - Statistics

General Stats
  • This quiz has been taken 77 times
  • The average score is 10 of 12
Answer Stats
Picture Hint Answer % Correct
South America Argentina
98%
Oceania Australia
94%
Asia Indonesia
90%
South America Venezuela
88%
North America Costa Rica
85%
Europe San Marino
85%
Europe Lithuania
83%
North America Nicaragua
83%
Asia Singapore
83%
North America Guatemala
81%
Africa Cape Verde
77%
Africa Mauritius
69%
No matching quizzes found
Score Distribution
Percent of People with Each Score
Percentile by Number Answered
Your Score History
You have not taken this quiz